[Event "Belgrade-chT"]
[Site "Belgrade"]
[Date "2020.10.11"]
[Round "7.2"]
[White "Djokic, Mihailo"]
[Black "Kovacic, Misa"]
[Result "1-0"]
[WhiteElo "2232"]
[BlackElo "2141"]
[PlyCount "65"]
[EventDate "2020.10.04"]
[EventType "team-tourn"]
[EventRounds "9"]
[EventCountry "SRB"]
[SourceTitle "EXT 2022"]
[Source "ChessBase"]
[SourceDate "2021.10.06"]
[SourceVersion "1"]
[SourceVersionDate "2021.10.06"]
[SourceQuality "1"]
[WhiteTeam "Grocka Pobednik"]
[BlackTeam "Belgrade PTT"]
[WhiteTeamCountry "SRB"]
[BlackTeamCountry "SRB"]

1. e4 d6 2. d4 Nf6 3. Nc3 g6 4. f4 Bg7 5. Nf3 c6 6. Be2 0-0 7. e5 Nd5 8. Nxd5 cxd5 9. c3 Nc6 10. Be3 Rb8 11. 0-0 b5 12. b4 a5 13. a4 axb4 14. axb5 Na5 15. Qa4 Nc4 16. Bxc4 dxc4 17. Qxb4 d5 18. Ra7 Re8 19. Rfa1 Bf8 20. R1a5 Bg4 21. Ne1 e6 22. Qb2 Bd1 23. Qd2 Bb3 24. f5 exf5 25. Bg5 Be7 26. Nf3 Bxg5 27. Qxg5 Qxg5 28. Nxg5 Rf8 29. e6 fxe6 30. Rxh7 Ra8 31. Rxa8 Rxa8 32. b6 Rb8 33. b7 1-0

[Event "Belgrade-chT"]
[Site "Belgrade"]
[Date "2020.10.10"]
[Round "6.2"]
[White "Kovacic, Misa"]
[Black "Skaric, Djuro"]
[Result "0-1"]
[WhiteElo "2141"]
[BlackElo "2296"]
[PlyCount "88"]
[EventDate "2020.10.04"]
[EventType "team-tourn"]
[EventRounds "9"]
[EventCountry "SRB"]
[SourceTitle "EXT 2022"]
[Source "ChessBase"]
[SourceDate "2021.10.06"]
[SourceVersion "1"]
[SourceVersionDate "2021.10.06"]
[SourceQuality "1"]
[WhiteTeam "Belgrade PTT"]
[BlackTeam "Mirjevo"]
[WhiteTeamCountry "SRB"]
[BlackTeamCountry "SRB"]

1. b3 d5 2. Bb2 Nf6 3. Nf3 e6 4. e3 Bd6 5. d4 0-0 6. c4 Ne4 7. Nc3 f5 8. cxd5 Bb4 9. Rc1 exd5 10. Be2 c6 11. 0-0 Nxc3 12. Bxc3 Ba3 13. Rc2 Qe7 14. Ne5 Nd7 15. f4 Nf6 16. Bf3 Be6 17. h3 Bd6 18. Qe1 a6 19. Qh4 a5 20. g4 a4 21. Rb1 axb3 22. axb3 Ne4 23. Qxe7 Bxe7 24. Bxe4 dxe4 25. b4 g5 26. gxf5 Rxf5 27. Ng4 Rd5 28. Rg2 Bxg4 29. Rxg4 h5 30. Rg3 Ra3 31. Rc1 Kf7 32. fxg5 Rxg5 33. Rxg5 Bxg5 34. Bd2 Ra2 35. Rf1+ Ke6 36. Bc1 Be7 37. Rf2 Rxf2 38. Kxf2 Bd6 39. b5 cxb5 40. Ke2 Kd5 41. Kd1 Kc4 42. Kc2 b4 43. Bb2 Bg3 44. d5 b3+ 0-1

[Event "Belgrade Trophy 31st"]
[Site "Belgrade"]
[Date "2017.11.27"]
[Round "4"]
[White "Kovacic, Misa"]
[Black "Mitrovic, Vladan"]
[Result "1-0"]
[WhiteElo "2190"]
[BlackElo "1881"]
[PlyCount "133"]
[EventDate "2017.11.24"]
[EventType "swiss"]
[EventRounds "9"]
[EventCountry "SRB"]
[SourceTitle "CBM 181 Extra"]
[Source "ChessBase"]
[SourceDate "2017.12.12"]
[SourceVersion "1"]
[SourceVersionDate "2017.12.12"]
[SourceQuality "1"]

1. Nf3 Nf6 2. c4 e6 3. g3 d5 4. Bg2 dxc4 5. Qa4+ Qd7 6. Qxc4 Qc6 7. b3 Bd7 8. Bb2 Qxc4 9. bxc4 Bc6 10. 0-0 Nbd7 11. d3 Bb4 12. Na3 0-0 13. Nc2 Bxf3 14. Bxf3 Be7 15. Rab1 Rab8 16. Bc3 c6 17. a4 Rfc8 18. a5 e5 19. Rb2 b5 20. axb6 axb6 21. Nb4 Bxb4 22. Bxb4 c5 23. Bc3 g6 24. Rfb1 Kg7 25. Ra2 h5 26. Ra7 Kh6 27. h4 Kg7 28. Bg2 Re8 29. Bc6 Rbd8 30. f4 Re6 31. Bb5 Kf8 32. Rf1 Re7 33. fxe5 Ng4 34. e6 Nde5 35. Rxe7 Kxe7 36. exf7 Nxf7 37. Ra1 Rd6 38. Ra8 Re6 39. Ra7+ Kf8 40. Ra8+ Ke7 41. Rb8 Nf6 42. Kf1 Nh6 43. Bd2 Nhg4 44. Bg5 Ne5 45. Kf2 Kf7 46. Rb7+ Kf8 47. Bh6+ Kg8 48. Bf4 Nfg4+ 49. Kf1 Kf8 50. Bd7 Nxd7 51. Rxd7 Nf6 52. Rb7 Ke8 53. Bc7 Nd7 54. Ke1 Ke7 55. Kd2 Rf6 56. Bf4 Re6 57. Bg5+ Ke8 58. e3 Rd6 59. Bf4 Re6 60. Kc3 Rc6 61. d4 Rc8 62. Kd3 Ra8 63. Ke4 Ra4 64. Kd5 cxd4 65. exd4 Ra5+ 66. Kd6 Ra6 67. Kc6 1-0

[Event "Belgrade-chT Premier"]
[Site "Belgrade"]
[Date "2017.09.21"]
[Round "4.4"]
[White "Milosevic, Milos"]
[Black "Kovacic, Misa"]
[Result "1-0"]
[WhiteElo "2265"]
[BlackElo "2182"]
[PlyCount "45"]
[EventDate "2017.09.18"]
[EventType "team"]
[EventRounds "9"]
[EventCountry "SRB"]
[SourceTitle "CBM 180 Extra"]
[Source "ChessBase"]
[SourceDate "2017.10.06"]
[SourceVersion "1"]
[SourceVersionDate "2017.10.06"]
[SourceQuality "1"]
[WhiteTeam "Belgrade Partizan"]
[BlackTeam "Cukaricki"]
[WhiteTeamCountry "SRB"]
[BlackTeamCountry "SRB"]

1. e4 b6 2. d4 Bb7 3. Nc3 e6 4. Bd3 Bb4 5. Nf3 Nf6 6. Qe2 d5 7. exd5 Nxd5 8. Bd2 Nd7 9. Nxd5 Bxd2+ 10. Qxd2 Bxd5 11. c4 Bxf3 12. gxf3 Nf6 13. Qe3 Qd6 14. 0-0-0 0-0-0 15. c5 Qd5 16. Kb1 Kb8 17. Bc2 Rd7 18. Rhg1 Rg8 19. Ba4 Rdd8 20. Rg5 Qb7 21. Qf4 Rd5 22. Qxf6 Qa6 23. Qxf7 1-0

[Event "Belgrade-chT Premier"]
[Site "Belgrade"]
[Date "2017.09.20"]
[Round "3.2"]
[White "Kovacic, Misa"]
[Black "Knezevic, Mladen Z"]
[Result "1/2-1/2"]
[WhiteElo "2182"]
[BlackElo "2155"]
[PlyCount "74"]
[EventDate "2017.09.18"]
[EventType "team"]
[EventRounds "9"]
[EventCountry "SRB"]
[SourceTitle "CBM 180 Extra"]
[Source "ChessBase"]
[SourceDate "2017.10.06"]
[SourceVersion "1"]
[SourceVersionDate "2017.10.06"]
[SourceQuality "1"]
[WhiteTeam "Cukaricki"]
[BlackTeam "Mirijevo"]
[WhiteTeamCountry "SRB"]
[BlackTeamCountry "SRB"]

1. c4 Nf6 2. Nc3 e5 3. g3 Nc6 4. Bg2 g6 5. Nf3 Bg7 6. 0-0 0-0 7. d4 d6 8. h3 Re8 9. Re1 h6 10. d5 Ne7 11. e4 Nd7 12. Be3 f5 13. Qd2 Kh7 14. Nh2 Nf6 15. f3 Rf8 16. g4 fxe4 17. fxe4 g5 18. Nf1 Ng6 19. Ng3 Nf4 20. c5 Bd7 21. b4 Kg6 22. Bxf4 gxf4 23. Nf5 Bxf5 24. gxf5+ Kh7 25. Bf3 Rg8 26. Kh2 Bf8 27. Qf2 Be7 28. Rg1 a6 29. Rxg8 Nxg8 30. Bh5 Bh4 31. Bg6+ Kh8 32. Qf3 Qg5 33. Ne2 Qe7 34. Rc1 Nf6 35. Rc2 Rc8 36. Qd3 Kg7 37. c6 b5 1/2-1/2

[Event "Belgrade-chT Premier"]
[Site "Belgrade"]
[Date "2017.09.18"]
[Round "1.1"]
[White "Milekic, Daniel"]
[Black "Kovacic, Misa"]
[Result "1/2-1/2"]
[WhiteElo "2281"]
[BlackElo "2182"]
[PlyCount "68"]
[EventDate "2017.09.18"]
[EventType "team"]
[EventRounds "9"]
[EventCountry "SRB"]
[SourceTitle "CBM 180 Extra"]
[Source "ChessBase"]
[SourceDate "2017.10.06"]
[SourceVersion "1"]
[SourceVersionDate "2017.10.06"]
[SourceQuality "1"]
[WhiteTeam "Rudovci Radnicki"]
[BlackTeam "Cukaricki"]
[WhiteTeamCountry "SRB"]
[BlackTeamCountry "SRB"]

1. d4 d5 2. c4 Nc6 3. cxd5 Qxd5 4. e3 e5 5. Nc3 Bb4 6. a3 Bxc3+ 7. bxc3 exd4 8. cxd4 Nf6 9. Nf3 Bg4 10. Be2 0-0 11. 0-0 Rfd8 12. Bd2 Ne4 13. Rc1 Rac8 14. Bb4 Nxb4 15. axb4 c6 16. Qc2 Ng5 17. Ne5 Bxe2 18. Qxe2 f6 19. Nd3 a6 20. Nc5 Rc7 21. Rfd1 Ne4 22. Qc2 Re8 23. Nxe4 Rxe4 24. Qc4 Qxc4 25. Rxc4 Rd7 26. Rd3 f5 27. f3 Re6 28. Kf2 g6 29. h4 Kg7 30. Rc5 Red6 31. Kg3 Kf6 32. Rc4 Re6 33. Rc5 Red6 34. Rc4 Re6 1/2-1/2

[Event "Gligoric Cup 4th"]
[Site "Novi Banovci"]
[Date "2017.05.27"]
[Round "3.7"]
[White "Janjic, Stefan"]
[Black "Kovacic, Misa"]
[Result "1-0"]
[WhiteElo "2129"]
[BlackElo "2212"]
[PlyCount "96"]
[EventDate "2017.05.25"]
[EventType "team-swiss"]
[EventRounds "5"]
[EventCountry "SRB"]
[SourceTitle "CBM 178 Extra"]
[Source "ChessBase"]
[SourceDate "2017.06.22"]
[SourceVersion "1"]
[SourceVersionDate "2017.06.22"]
[SourceQuality "1"]
[WhiteTeam "Belgrade Napredak"]
[BlackTeam "Belgrade Cukaricki"]
[WhiteTeamCountry "SRB"]
[BlackTeamCountry "SRB"]

1. d4 d5 2. c4 Nc6 3. e3 e5 4. cxd5 Qxd5 5. Nc3 Bb4 6. Bd2 Bxc3 7. bxc3 exd4 8. cxd4 Nf6 9. Ne2 0-0 10. Nf4 Qd6 11. Bd3 Re8 12. 0-0 Nb4 13. Bc4 Nfd5 14. Qb3 c6 15. Rfc1 Nxf4 16. Bxf7+ Kh8 17. exf4 Rd8 18. Be3 Nd5 19. Bxd5 Qxd5 20. Rc5 Qxb3 21. axb3 Be6 22. Re5 Bd5 23. b4 Rd7 24. h4 Kg8 25. Kh2 Kf7 26. g4 g6 27. f5 h6 28. Kg3 Re8 29. f4 gxf5 30. Rxf5+ Kg7 31. Re1 Re4 32. Bf2 Rde7 33. Rxe4 Bxe4 34. Re5 Kf7 35. f5 Bd3 36. Kf4 b6 37. g5 a5 38. bxa5 bxa5 39. Rxa5 Re4+ 40. Kf3 Re7 41. Bg3 Be2+ 42. Kf4 Bh5 43. Rc5 Rd7 44. Ke4 Ra7 45. Rxc6 Ra3 46. Rc7+ Kg8 47. Bd6 Rh3 48. Ke5 Be8 1-0

[Event "Gligoric Cup 4th"]
[Site "Novi Banovci"]
[Date "2017.05.27"]
[Round "4.9"]
[White "Stankovic, Milos M"]
[Black "Kovacic, Misa"]
[Result "1/2-1/2"]
[WhiteElo "1928"]
[BlackElo "2212"]
[PlyCount "78"]
[EventDate "2017.05.25"]
[EventType "team-swiss"]
[EventRounds "5"]
[EventCountry "SRB"]
[SourceTitle "CBM 178 Extra"]
[Source "ChessBase"]
[SourceDate "2017.06.22"]
[SourceVersion "1"]
[SourceVersionDate "2017.06.22"]
[SourceQuality "1"]
[WhiteTeam "Banovci Dunav"]
[BlackTeam "Belgrade Cukaricki"]
[WhiteTeamCountry "SRB"]
[BlackTeamCountry "SRB"]

1. d4 Nf6 2. c4 g6 3. Nc3 d5 4. cxd5 Nxd5 5. e4 Nxc3 6. bxc3 Bg7 7. Bc4 c5 8. Be3 0-0 9. Ne2 Qa5 10. 0-0 Nd7 11. Qd2 b6 12. Rfd1 Ba6 13. Bxa6 Qxa6 14. Rac1 Rac8 15. f3 b5 16. Bg5 Rfe8 17. Rb1 b4 18. cxb4 cxd4 19. Nxd4 Ne5 20. b5 Qb6 21. Qf2 h6 22. Bf4 Rcd8 23. Nc6 Rxd1+ 24. Rxd1 Qxb5 25. Nxe5 Bxe5 26. Bxe5 Qxe5 27. Qxa7 Rb8 28. a4 Rc8 29. a5 Rc5 30. a6 Rc2 31. Rd8+ Kh7 32. Qd4 Qxd4+ 33. Rxd4 Ra2 34. Rd7 Rxa6 35. Rxe7 Kg7 36. Kf2 Ra2+ 37. Kg3 Kf8 38. Rb7 Re2 39. Ra7 Kg7 1/2-1/2

[Event "Gligoric Cup 4th"]
[Site "Novi Banovci"]
[Date "2017.05.26"]
[Round "2.6"]
[White "Kovacic, Misa"]
[Black "Manojlovic, Sava"]
[Result "1/2-1/2"]
[WhiteElo "2212"]
[BlackElo "2061"]
[PlyCount "70"]
[EventDate "2017.05.25"]
[EventType "team-swiss"]
[EventRounds "5"]
[EventCountry "SRB"]
[SourceTitle "CBM 178 Extra"]
[Source "ChessBase"]
[SourceDate "2017.06.22"]
[SourceVersion "1"]
[SourceVersionDate "2017.06.22"]
[SourceQuality "1"]
[WhiteTeam "Belgrade Cukaricki"]
[BlackTeam "Srbobran"]
[WhiteTeamCountry "SRB"]
[BlackTeamCountry "SRB"]

1. c4 Nf6 2. Nc3 g6 3. g3 Bg7 4. Bg2 d6 5. Nf3 0-0 6. 0-0 e5 7. d4 Nbd7 8. Qc2 c6 9. Rd1 Re8 10. dxe5 dxe5 11. b3 Qe7 12. a4 a5 13. Ba3 Nc5 14. Ng5 Bf5 15. Nge4 Nfxe4 16. Bxe4 Bh3 17. Bg2 Bxg2 18. Kxg2 f5 19. e4 f4 20. Rd3 Bf8 21. Bxc5 Qxc5 22. Rad1 Be7 23. Qe2 Rf8 24. Nb1 Rf7 25. Nd2 Raf8 26. Nf3 fxg3 27. hxg3 Qb6 28. Rf1 Bc5 29. Qd2 Qc7 30. Qg5 b6 31. Qxe5 Qxe5 32. Nxe5 Rxf2+ 33. Rxf2 Rxf2+ 34. Kh3 Re2 35. Nxc6 Rxe4 1/2-1/2

[Event "Belgrade-chT"]
[Site "Belgrade"]
[Date "2017.05.12"]
[Round "3.3"]
[White "Jakovljevic, Zivota"]
[Black "Kovacic, Misa"]
[Result "0-1"]
[WhiteElo "2093"]
[BlackElo "2212"]
[PlyCount "70"]
[EventDate "2017.05.10"]
[EventType "team-swiss"]
[EventRounds "5"]
[EventCountry "SRB"]
[SourceTitle "CBM 178 Extra"]
[Source "ChessBase"]
[SourceDate "2017.06.22"]
[SourceVersion "1"]
[SourceVersionDate "2017.06.22"]
[SourceQuality "1"]
[WhiteTeam "Belgrade Partizan"]
[BlackTeam "Cukaricki"]
[WhiteTeamCountry "SRB"]
[BlackTeamCountry "SRB"]

1. d4 Nf6 2. c4 g6 3. Nc3 d5 4. cxd5 Nxd5 5. e4 Nxc3 6. bxc3 c5 7. Be3 Bg7 8. Bb5+ Nd7 9. Bc4 0-0 10. Ne2 Qa5 11. 0-0 Rd8 12. Qb3 e6 13. d5 exd5 14. Bxd5 Rf8 15. Rad1 Rb8 16. Bf4 Ne5 17. Bg5 c4 18. Qb1 Bg4 19. f3 Be6 20. Be7 Rfe8 21. Bd6 Rbd8 22. Bxe5 Bxe5 23. Bxe6 Rxe6 24. Rxd8+ Qxd8 25. f4 Bxc3 26. Rd1 Bd2 27. Qc2 Rd6 28. Rf1 b5 29. Ng3 Be3+ 30. Kh1 Rd2 31. Qc3 Qd4 32. Qxd4 Bxd4 33. e5 Rxa2 34. h4 Ra1 35. Rxa1 Bxa1 0-1

[Event "Belgrade-chT Quality"]
[Site "Belgrade"]
[Date "2015.10.18"]
[Round "6"]
[White "Kovacic, Misa"]
[Black "Radivojevic, Milan R"]
[Result "1/2-1/2"]
[WhiteElo "2116"]
[BlackElo "2290"]
[PlyCount "93"]
[EventDate "2015.10.03"]
[EventType "team-tourn"]
[EventRounds "11"]
[EventCountry "SRB"]
[SourceTitle "EXT 2018"]
[Source "ChessBase"]
[SourceDate "2017.10.13"]
[SourceVersion "1"]
[SourceVersionDate "2017.10.13"]
[SourceQuality "1"]

1. c4 c6 2. Nf3 Nf6 3. b3 d6 4. Bb2 Nbd7 5. g3 e5 6. d3 Be7 7. Bg2 0-0 8. 0-0 a5 9. e4 Nc5 10. Qc2 Re8 11. h3 Bd7 12. d4 exd4 13. Nxd4 Bf8 14. Nd2 g6 15. a3 Bg7 16. b4 Ne6 17. Nxe6 Bxe6 18. Bc3 axb4 19. axb4 Qb6 20. Qb2 Nh5 21. Bxg7 Nxg7 22. Qc3 Bd7 23. c5 Qc7 24. cxd6 Qxd6 25. Nc4 Qe7 26. Rxa8 Rxa8 27. e5 Ne8 28. Rd1 Be6 29. Nd6 Rd8 30. Qc5 f6 31. f4 fxe5 32. fxe5 Nc7 33. Rf1 Na6 34. Qb6 Qc7 35. Qxc7 Nxc7 36. Nxb7 Rd4 37. Na5 Rxb4 38. Nxc6 Rb2 39. Nd8 Rd2 40. Rc1 Rxd8 41. Rxc7 Rd1+ 42. Kf2 Rd2+ 43. Kf1 Bd5 44. Bxd5+ Rxd5 45. Re7 h5 46. e6 Re5 47. Kf2 1/2-1/2

[Event "Belgrade-chT Quality"]
[Site "Belgrade"]
[Date "2015.10.17"]
[Round "5"]
[White "Veljkovic, Dragoljub"]
[Black "Kovacic, Misa"]
[Result "0-1"]
[WhiteElo "2168"]
[BlackElo "2116"]
[PlyCount "56"]
[EventDate "2015.10.03"]
[EventType "team-tourn"]
[EventRounds "11"]
[EventCountry "SRB"]
[SourceTitle "EXT 2018"]
[Source "ChessBase"]
[SourceDate "2017.10.13"]
[SourceVersion "1"]
[SourceVersionDate "2017.10.13"]
[SourceQuality "1"]

1. Nf3 Nf6 2. c4 e6 3. d4 b6 4. g3 Bb7 5. Bg2 Be7 6. 0-0 0-0 7. Nc3 Ne4 8. Bd2 f5 9. d5 Bf6 10. Rc1 Qe7 11. Ne1 exd5 12. cxd5 c6 13. Nxe4 fxe4 14. dxc6 dxc6 15. Qb3+ Kh8 16. Nc2 Nd7 17. Ne3 Nc5 18. Qc2 a5 19. b4 axb4 20. Bxb4 Bg5 21. Bxc5 bxc5 22. a4 Ba6 23. Qxc5 Bxe2 24. Rfe1 Bd3 25. Qxc6 Qf7 26. Qc5 Qxf2+ 27. Kh1 h6 28. a5 Rfc8 0-1

[Event "Belgrade-chT Quality"]
[Site "Belgrade"]
[Date "2015.10.10"]
[Round "3"]
[White "Kovacic, Misa"]
[Black "Vulinovic, Radivoje"]
[Result "1/2-1/2"]
[WhiteElo "2116"]
[BlackElo "2200"]
[PlyCount "117"]
[EventDate "2015.10.03"]
[EventType "team-tourn"]
[EventRounds "11"]
[EventCountry "SRB"]
[SourceTitle "EXT 2018"]
[Source "ChessBase"]
[SourceDate "2017.10.13"]
[SourceVersion "1"]
[SourceVersionDate "2017.10.13"]
[SourceQuality "1"]

1. c4 e6 2. d4 d5 3. Nf3 Nf6 4. Nc3 Be7 5. Bg5 h6 6. Bh4 0-0 7. e3 b6 8. Bd3 dxc4 9. Bxc4 Bb7 10. 0-0 Nbd7 11. Qe2 a6 12. a3 b5 13. Ba2 c5 14. dxc5 Nxc5 15. Rfd1 Qb6 16. b4 Nce4 17. Nxe4 Bxe4 18. Ne5 Rad8 19. Rac1 Rxd1+ 20. Rxd1 g5 21. Bg3 Rd8 22. h4 a5 23. Rxd8+ Bxd8 24. Ng4 Nxg4 25. Qxg4 Qc6 26. hxg5 hxg5 27. Be5 axb4 28. axb4 Bf5 29. Qd4 Be7 30. Bh8 Bf8 31. Qb2 Qd6 32. Bc3 Qd1+ 33. Kh2 Bd6+ 34. Be5 Bxe5+ 35. Qxe5 Qc2 36. e4 Qxe4 37. Qxb5 Qf4+ 38. Kg1 Qc1+ 39. Kh2 Qf4+ 40. Kg1 Qc1+ 41. Kh2 Qd2 42. Qb8+ Kg7 43. Qa7 Qxb4 44. Qe3 Qf4+ 45. Qxf4 gxf4 46. f3 Kf6 47. Kg1 Ke5 48. Kf2 Kd4 49. Bb3 f6 50. Ba4 e5 51. Bc6 Bd3 52. Bd7 f5 53. Bc8 e4 54. fxe4 fxe4 55. Bg4 Ke5 56. g3 e3+ 57. Kf3 Be4+ 58. Ke2 fxg3 59. Kxe3 1/2-1/2

[Event "Belgrade-chT"]
[Site "Belgrade"]
[Date "2014.11.04"]
[Round "12"]
[White "Kovacic, Misa"]
[Black "Knezevic, Milorad G"]
[Result "1/2-1/2"]
[WhiteElo "2143"]
[BlackElo "2219"]
[PlyCount "52"]
[EventDate "2014.10.04"]
[EventType "team-tourn"]
[EventRounds "13"]
[EventCountry "SRB"]
[SourceTitle "EXT 2015"]
[Source "ChessBase"]
[SourceDate "2014.11.20"]
[SourceVersion "1"]
[SourceVersionDate "2014.11.20"]
[SourceQuality "1"]

1. c4 e6 2. d4 d5 3. Nf3 f5 4. Nc3 Nf6 5. cxd5 exd5 6. Bg5 c6 7. e3 Bd6 8. Ne5 0-0 9. f4 Qe8 10. Be2 Bxe5 11. fxe5 Ne4 12. Nxe4 fxe4 13. Qd2 Be6 14. h4 Nd7 15. Bf4 c5 16. Bb5 Rc8 17. dxc5 Rxc5 18. Bxd7 Qxd7 19. 0-0 Rfc8 20. Rac1 b6 21. b4 Rc4 22. Rxc4 Rxc4 23. Rc1 b5 24. Rxc4 bxc4 25. Bg3 Qa4 26. Be1 h6 1/2-1/2

[Event "Belgrade-chT"]
[Site "Belgrade"]
[Date "2014.10.11"]
[Round "3"]
[White "Kovacic, Misa"]
[Black "Nonkovic, Bogdana"]
[Result "0-1"]
[WhiteElo "2143"]
[BlackElo "2061"]
[PlyCount "96"]
[EventDate "2014.10.04"]
[EventType "team-tourn"]
[EventRounds "13"]
[EventCountry "SRB"]
[SourceTitle "EXT 2015"]
[Source "ChessBase"]
[SourceDate "2014.11.20"]
[SourceVersion "1"]
[SourceVersionDate "2014.11.20"]
[SourceQuality "1"]

1. c4 e6 2. d4 d5 3. Nf3 Nf6 4. g3 c5 5. cxd5 exd5 6. Bg2 Nc6 7. 0-0 Be7 8. Nc3 0-0 9. Bg5 c4 10. b3 Qa5 11. Bd2 Rd8 12. bxc4 dxc4 13. e3 Bb4 14. Qc2 Bf5 15. Qb2 Rab8 16. a3 Be7 17. Nh4 Bd3 18. Rfc1 Qa6 19. Nb5 Qb6 20. d5 Nxd5 21. Rab1 Bxb1 22. Rxb1 a6 23. e4 Nf6 24. Bf4 Rbc8 25. Nc3 Qxb2 26. Rxb2 b5 27. Nf5 Bxa3 28. Ra2 Bb4 29. Nd5 Nxd5 30. exd5 Nb8 31. d6 Kf8 32. h4 c3 33. Be4 a5 34. h5 Nd7 35. Nd4 Nf6 36. Bf5 Rc5 37. g4 Rd5 38. Nc6 Rd1+ 39. Kg2 Bxd6 40. Be3 Re8 41. Rxa5 Nd5 42. Kf3 Nxe3 43. fxe3 g6 44. hxg6 hxg6 45. Bc2 Rd2 46. Ra2 Bc5 47. e4 Rf2+ 48. Kg3 Rxe4 0-1